| 000 | 00492nam a22001457a 4500 | ||
|---|---|---|---|
| 999 |
_c109422 _d109422 |
||
| 005 | 20201014103933.0 | ||
| 008 | 181206b ||||| |||| 00| 0 eng d | ||
| 040 | _cPK-LaUMT | ||
| 082 |
_aRHC 297.07 _bSAL-A |
||
| 100 | _aSaleem , Muhammad | ||
| 245 |
_aAghaz e Islam mein Musalmanon ka nizam e taleem(آغاز اسلام میں مسلمانوں کا نظام تعلیم)/ _cMuhammad Saleem |
||
| 260 |
_aلاہور: _bادارہ تعلیمی تحقیق _c1985 |
||
| 300 | _a62 | ||
| 942 | _cBK | ||